[Event "12. Torneo de Promoción Almansa 2017"]
[Site "Almansa ESP"]
[Date "2017.08.01"]
[Round "1.1"]
[White "Lara Granero, Bio"]
[Black "Prieto Aranguren, Alain"]
[Result "0-1"]
[WhiteElo "2063"]
[BlackElo "2286"]
[PlyCount "112"]
[EventDate "2017.08.01"]
[EventType "swiss"]
[EventRounds "9"]
[EventCountry "ESP"]
[SourceTitle "Ajedrez en Madrid"]
[Source "lmi"]
[SourceDate "2017.08.01"]
[SourceVersion "1"]
[SourceVersionDate "2017.08.11"]
[SourceQuality "1"]

1. b3 e5 2. Bb2 Nc6 3. e3 Nf6 4. Bb5 Bd6 5. Nf3 e4 6. Nd4 Nxd4 7. Bxd4 c6 8.
Be2 Bc7 9. f3 O-O 10. O-O d5 11. Nc3 Qd6 12. g3 Bh3 13. Rf2 exf3 14. Bxf3 Nd7
15. Bg4 Qh6 16. Bxh3 Qxh3 17. Ne2 f5 18. Nf4 Qh6 19. Qf1 Ne5 20. Bxe5 Bxe5 21.
c3 Qd6 22. Nd3 g6 23. Nxe5 Qxe5 24. Qd3 a5 25. Raf1 a4 26. b4 a3 27. Rf4 b6 28.
Qd4 Qxd4 29. Rxd4 Rfd8 30. Rdf4 c5 31. Rb1 Kf7 32. g4 Ke6 33. gxf5+ gxf5 34.
Rh4 d4 35. exd4 cxd4 36. c4 Rg8+ 37. Kf2 Rg4 38. Rxh7 Rag8 39. Re1+ Kf6 40.
Rh6+ Kg5 41. Rxb6 Kf4 42. Ke2 Re8+ 43. Kd1 Rxe1+ 44. Kxe1 Kf3 45. Kf1 Rg2 46.
Ra6 Rxd2 47. Rxa3+ d3 48. Ke1 Ke3 49. Ra7 Rxh2 50. Re7+ Kd4 51. c5 Kc3 52. Rd7
d2+ 53. Kd1 Rh1+ 54. Ke2 Re1+ 55. Kf2 d1=Q 56. Rxd1 Rxd1 0-1

[Event "12. Torneo de Promoción Almansa 2017"]
[Site "Almansa ESP"]
[Date "2017.08.01"]
[Round "1.2"]
[White "Navarro Lopez-Menchero, Daniel"]
[Black "Ramos Ferrandiz, Juan Carlos"]
[Result "1-0"]
[WhiteElo "2266"]
[BlackElo "2061"]
[PlyCount "129"]
[EventDate "2017.08.01"]
[EventType "swiss"]
[EventRounds "9"]
[EventCountry "ESP"]
[SourceTitle "Ajedrez en Madrid"]
[Source "lmi"]
[SourceDate "2017.08.01"]
[SourceVersion "1"]
[SourceVersionDate "2017.08.11"]
[SourceQuality "1"]

1. e4 c6 2. Nc3 d5 3. Nf3 Bg4 4. h3 Bh5 5. exd5 cxd5 6. Bb5+ Nc6 7. g4 Bg6 8.
Ne5 Rc8 9. h4 f6 10. Nxg6 hxg6 11. d4 e6 12. Qe2 Kf7 13. Be3 Bb4 14. Kf1 Nge7
15. Kg2 Bxc3 16. bxc3 Na5 17. Rae1 a6 18. Bd3 Qd7 19. Bd2 Nc4 20. Bc1 Nd6 21.
Rh3 b5 22. Re3 Ne4 23. Bxe4 dxe4 24. Rxe4 Rxh4 25. Rxe6 Nd5 26. Kg1 Rch8 27.
Qf3 Rh1+ 28. Qxh1 Rxh1+ 29. Kxh1 Nxc3 30. Bd2 Qxd4 31. Re7+ Kg8 32. Re8+ Kh7
33. R1e3 g5 34. Bxc3 Qxg4 35. Rd8 Qc4 36. Kg1 Kg6 37. a3 Qa2 38. Bb4 Qxc2 39.
Rd7 Qc1+ 40. Re1 Qc4 41. Ree7 Qg4+ 42. Kf1 Qh3+ 43. Ke1 Qh1+ 44. Ke2 Qa1 45.
Rxg7+ Kf5 46. Rge7 Qa2+ 47. Kf3 g4+ 48. Kg2 a5 49. Bc5 Qc4 50. Be3 b4 51. axb4
Qc6+ 52. Kg1 axb4 53. Rd4 Qc8 54. Rxb4 Kg6 55. Ree4 f5 56. Rb6+ Kf7 57. Ra4 Qd7
58. Raa6 Qd1+ 59. Kh2 g3+ 60. fxg3 Qe2+ 61. Kh3 Qg4+ 62. Kg2 Qe2+ 63. Bf2 Qe4+
64. Kh2 Qf3 65. Ra7+ 1-0

[Event "12. Torneo de Promoción Almansa 2017"]
[Site "Almansa ESP"]
[Date "2017.08.01"]
[Round "1.3"]
[White "Cebrian Flores, Juan Antonio"]
[Black "Castellanos Gomez, Alejandro"]
[Result "0-1"]
[WhiteElo "2057"]
[BlackElo "2238"]
[PlyCount "86"]
[EventDate "2017.08.01"]
[EventType "swiss"]
[EventRounds "9"]
[EventCountry "ESP"]
[SourceTitle "Ajedrez en Madrid"]
[Source "lmi"]
[SourceDate "2017.08.01"]
[SourceVersion "1"]
[SourceVersionDate "2017.08.11"]
[SourceQuality "1"]

1. d4 Nf6 2. c4 e6 3. g3 d5 4. Nf3 Be7 5. Bg2 O-O 6. O-O dxc4 7. Qc2 a6 8. Qxc4
b5 9. Qc2 Bb7 10. Bd2 Nbd7 11. Ba5 Rc8 12. Rc1 Qe8 13. b4 Nd5 14. a3 f5 15. e4
N5b6 16. exf5 exf5 17. Nbd2 Qh5 18. Ne1 Bxg2 19. Nxg2 Bg5 20. Bxb6 Nxb6 21. Re1
Qg4 22. f4 Bf6 23. Nb3 Qf3 24. Rad1 Nc4 25. Nc5 Qxa3 26. Ne6 Rf7 27. Ra1 Qxb4
28. Rxa6 Re8 29. d5 Nd2 30. Qc6 Rfe7 31. Ra8 Rxa8 32. Qxa8+ Kf7 33. Qf8+ Kg6
34. Kh1 Ne4 35. g4 Nf2+ 36. Kg1 Nxg4 37. h3 Nh6 38. Kh2 Nf7 39. Nh4+ Bxh4 40.
Qxg7+ Kh5 41. Qxh7+ Nh6 42. Ng7+ Rxg7 43. Qxg7 Qd2+ 0-1

[Event "12. Torneo de Promoción Almansa 2017"]
[Site "Almansa ESP"]
[Date "2017.08.01"]
[Round "1.4"]
[White "Silva Rodriguez, Fernando"]
[Black "Alvarez Morales, Miguel"]
[Result "1-0"]
[WhiteElo "2235"]
[BlackElo "2055"]
[PlyCount "79"]
[EventDate "2017.08.01"]
[EventType "swiss"]
[EventRounds "9"]
[EventCountry "ESP"]
[SourceTitle "Ajedrez en Madrid"]
[Source "lmi"]
[SourceDate "2017.08.01"]
[SourceVersion "1"]
[SourceVersionDate "2017.08.11"]
[SourceQuality "1"]

1. d4 Nf6 2. c4 e6 3. Nf3 c5 4. d5 d6 5. Nc3 exd5 6. cxd5 g6 7. Nd2 Nbd7 8. e4
Bg7 9. Be2 O-O 10. O-O Ne5 11. a4 a6 12. Re1 g5 13. Nf1 h6 14. Ng3 Ng6 15. Qc2
Nd7 16. Nd1 Rb8 17. Bd2 b5 18. axb5 axb5 19. Bc3 Nde5 20. b3 Nf4 21. Ne3 Re8
22. Nef5 Bxf5 23. Nxf5 b4 24. Bb2 Qc7 25. Ra6 Rb6 26. Rea1 Bf8 27. Bf1 Nfg6 28.
Kh1 Reb8 29. R6a4 Qd7 30. Be2 Rc8 31. g3 Ne7 32. f4 N5g6 33. Bg4 Qd8 34. Bf6 c4
35. fxg5 cxb3 36. Qxc8 Qxc8 37. Nxe7+ Bxe7 38. Bxc8 Bxf6 39. gxf6 Rb8 40. Bf5
1-0

[Event "12. Torneo de Promoción Almansa 2017"]
[Site "Almansa ESP"]
[Date "2017.08.01"]
[Round "1.5"]
[White "Hompanera Lopez, Enrique"]
[Black "Arias Igual, Alejandro"]
[Result "0-1"]
[WhiteElo "2049"]
[BlackElo "2232"]
[PlyCount "58"]
[EventDate "2017.08.01"]
[EventType "swiss"]
[EventRounds "9"]
[EventCountry "ESP"]
[SourceTitle "Ajedrez en Madrid"]
[Source "lmi"]
[SourceDate "2017.08.01"]
[SourceVersion "1"]
[SourceVersionDate "2017.08.11"]
[SourceQuality "1"]

1. e4 c5 2. b3 d6 3. Bb2 Nf6 4. Nc3 e5 5. f4 exf4 6. Nf3 Be7 7. Bb5+ Nbd7 8.
O-O O-O 9. Bxd7 Bxd7 10. e5 dxe5 11. Nxe5 Bd6 12. Ne2 Bg4 13. Rxf4 Bh5 14. Qf1
Re8 15. Rf5 Bxe5 16. Rxe5 Rxe5 17. Bxe5 Qxd2 18. Bxf6 Bxe2 19. Qe1 Qxc2 20. Bh4
Re8 21. Bf2 b6 22. Rc1 Qg6 23. Qc3 Bb5 24. Re1 Rxe1+ 25. Qxe1 h6 26. h3 Qc2 27.
a4 Bc6 28. a5 Qxb3 29. Qe5 Qd5 0-1

[Event "12. Torneo de Promoción Almansa 2017"]
[Site "Almansa ESP"]
[Date "2017.08.01"]
[Round "1.6"]
[White "Villasenor Rubio, Emilio Jose"]
[Black "Unciti Juan, Javier"]
[Result "1-0"]
[WhiteElo "2231"]
[BlackElo "2040"]
[PlyCount "101"]
[EventDate "2017.08.01"]
[EventType "swiss"]
[EventRounds "9"]
[EventCountry "ESP"]
[SourceTitle "Ajedrez en Madrid"]
[Source "lmi"]
[SourceDate "2017.08.01"]
[SourceVersion "1"]
[SourceVersionDate "2017.08.11"]
[SourceQuality "1"]

1. e4 e6 2. d4 d5 3. Nc3 Bb4 4. e5 Ne7 5. Bd2 Nf5 6. Nf3 O-O 7. Bd3 Be7 8. Bf4
Nc6 9. Ne2 Nb4 10. Bxf5 exf5 11. c3 Na6 12. h4 b6 13. Bg5 c6 14. Nf4 Nc7 15.
Qd2 Ne6 16. Bxe7 Qxe7 17. O-O-O h6 18. Rh3 Nxf4 19. Qxf4 Be6 20. Rg3 Kh8 21. h5
Rfc8 22. Nh4 Qd7 23. Rf3 c5 24. Nxf5 Kh7 25. g4 Rc7 26. g5 Bxf5 27. Qxf5+ Qxf5
28. Rxf5 c4 29. Rg1 b5 30. g6+ Kg8 31. gxf7+ Rxf7 32. Rxf7 Kxf7 33. Rg6 Rf8 34.
Kd2 Kg8 35. Ke3 Rf5 36. Rd6 Rxh5 37. Rxd5 g5 38. Rxb5 Rh3+ 39. Ke2 Rh4 40. Rb7
h5 41. Kf1 Rh1+ 42. Kg2 Re1 43. Rxa7 g4 44. e6 Rxe6 45. Ra5 Rh6 46. Rc5 Kf7 47.
Rxc4 h4 48. d5 h3+ 49. Kh2 Rg6 50. a4 Rg5 51. Rd4 1-0

[Event "12. Torneo de Promoción Almansa 2017"]
[Site "Almansa ESP"]
[Date "2017.08.01"]
[Round "1.7"]
[White "Delgado Alarcon, Jesus Francis"]
[Black "Garcia Romero, Benjamin Abel"]
[Result "0-1"]
[WhiteElo "2026"]
[BlackElo "2217"]
[PlyCount "70"]
[EventDate "2017.08.01"]
[EventType "swiss"]
[EventRounds "9"]
[EventCountry "ESP"]
[SourceTitle "Ajedrez en Madrid"]
[Source "lmi"]
[SourceDate "2017.08.01"]
[SourceVersion "1"]
[SourceVersionDate "2017.08.11"]
[SourceQuality "1"]

1. d4 d5 2. c4 c6 3. Nc3 Nf6 4. e3 a6 5. f4 b5 6. b3 g6 7. Nf3 Bg7 8. Bd3 O-O
9. O-O Ra7 10. Ne5 Nfd7 11. Qf3 Nxe5 12. fxe5 dxc4 13. bxc4 Bxe5 14. dxe5 Qxd3
15. Ne4 Be6 16. Bb2 Nd7 17. Qf4 c5 18. Ng5 Qxc4 19. e4 Qe2 20. Rf2 Qg4 21. Qe3
Rc7 22. g3 f6 23. exf6 exf6 24. Nxh7 Kxh7 25. Rf4 Qg5 26. Bxf6 Nxf6 27. Rh4+
Qxh4 28. gxh4 Ng4 29. Qg5 Nf2 30. Qe5 Nh3+ 31. Kh1 Rcf7 32. h5 Bg4 33. hxg6+
Kxg6 34. Kg2 Nf2 35. h4 Bh3+ 0-1

[Event "12. Torneo de Promoción Almansa 2017"]
[Site "Almansa ESP"]
[Date "2017.08.01"]
[Round "1.8"]
[White "Villar Reymundo, Juan Antonio"]
[Black "Lozano Osorio, Isaac"]
[Result "1-0"]
[WhiteElo "2215"]
[BlackElo "2012"]
[PlyCount "117"]
[EventDate "2017.08.01"]
[EventType "swiss"]
[EventRounds "9"]
[EventCountry "ESP"]
[SourceTitle "Ajedrez en Madrid"]
[Source "lmi"]
[SourceDate "2017.08.01"]
[SourceVersion "1"]
[SourceVersionDate "2017.08.11"]
[SourceQuality "1"]

1. d4 Nf6 2. c4 e6 3. g3 d5 4. Nf3 dxc4 5. Bg2 Be7 6. O-O O-O 7. Qc2 a6 8. Qxc4
b5 9. Qc2 Bb7 10. Bg5 Nbd7 11. Bxf6 Nxf6 12. Nbd2 Rc8 13. Nb3 Be4 14. Qc3 Nd5
15. Qc6 Qd6 16. Ne5 Bxg2 17. Kxg2 f6 18. Qxd6 cxd6 19. Nd3 Rc2 20. Rfc1 Rfc8
21. Rxc2 Rxc2 22. e4 Ne3+ 23. Kf3 Nc4 24. Rc1 Rxc1 25. Nbxc1 a5 26. b3 Nb6 27.
Ne2 b4 28. g4 g5 29. Ke3 Kf7 30. f4 h6 31. f5 e5 32. d5 Ke8 33. Nb2 Kd7 34. Ng3
Kc7 35. Nh5 Kb7 36. Kd3 Ka6 37. Ng7 Kb5 38. Ne6 Ka6 39. Nd1 Nd7 40. Kc4 Nb6+
41. Kd3 Nd7 42. Nb2 Nb6 43. Nc7+ Kb7 44. Ne6 Ka6 45. Nd1 Nd7 46. Ne3 Nb6 47.
Nf1 Nd7 48. Ng3 Kb5 49. Nh5 a4 50. Nhg7 axb3 51. axb3 Nc5+ 52. Nxc5 Kxc5 53.
Ne6+ Kb5 54. h3 Kb6 55. Kc4 Ka5 56. Nc7 Kb6 57. Nb5 Ka5 58. Na7 Kb6 59. Nc8+
1-0

[Event "12. Torneo de Promoción Almansa 2017"]
[Site "Almansa ESP"]
[Date "2017.08.01"]
[Round "1.9"]
[White "Esteban Romo, Francisco J"]
[Black "Gil Quilez, David"]
[Result "1-0"]
[WhiteElo "2007"]
[BlackElo "2214"]
[PlyCount "93"]
[EventDate "2017.08.01"]
[EventType "swiss"]
[EventRounds "9"]
[EventCountry "ESP"]
[SourceTitle "Ajedrez en Madrid"]
[Source "lmi"]
[SourceDate "2017.08.01"]
[SourceVersion "1"]
[SourceVersionDate "2017.08.11"]
[SourceQuality "1"]

1. d4 f5 2. Nf3 Nf6 3. Bf4 g6 4. e3 Bg7 5. Bc4 b6 6. h3 d5 7. Be2 c5 8. O-O O-O
9. c4 e6 10. Nc3 a6 11. Qb3 Nc6 12. cxd5 Nxd5 13. Nxd5 exd5 14. dxc5 bxc5 15.
Rfd1 Na5 16. Qc2 Qb6 17. Rxd5 Bb7 18. Rd6 Qxb2 19. Qxb2 Bxb2 20. Rb1 Bg7 21.
Rd7 Be4 22. Rc1 Rfc8 23. Bc7 Ra7 24. Rxg7+ Kxg7 25. Bxa5 Bd5 26. a3 Bxf3 27.
gxf3 Rc6 28. Bc4 Rd7 29. Rb1 Kf6 30. h4 g5 31. hxg5+ Kxg5 32. f4+ Kg6 33. Kg2
h5 34. Kf3 Kh6 35. Bc3 Kh7 36. Be5 Kh6 37. Rb8 h4 38. Rf8 Rg6 39. Bf7 Rxf7 40.
Rxf7 Rg8 41. Rxf5 h3 42. Rg5 Rxg5 43. fxg5+ Kxg5 44. Ke4 c4 45. f3 c3 46. Kd3
Kf5 47. Bh2 1-0

[Event "12. Torneo de Promoción Almansa 2017"]
[Site "Almansa ESP"]
[Date "2017.08.01"]
[Round "1.10"]
[White "Jordan Martinez, Miguel"]
[Black "Garcia Munoz, Raul"]
[Result "1/2-1/2"]
[WhiteElo "2212"]
[BlackElo "2003"]
[PlyCount "117"]
[EventDate "2017.08.01"]
[EventType "swiss"]
[EventRounds "9"]
[EventCountry "ESP"]
[SourceTitle "Ajedrez en Madrid"]
[Source "lmi"]
[SourceDate "2017.08.01"]
[SourceVersion "1"]
[SourceVersionDate "2017.08.11"]
[SourceQuality "1"]

1. e4 d6 2. d4 Nf6 3. Nc3 g6 4. f3 c6 5. Be3 Nbd7 6. Qd2 b5 7. g4 Nb6 8. h4 h5
9. g5 Nfd7 10. d5 cxd5 11. Nxd5 Bg7 12. Bd4 e5 13. Nxb6 Nxb6 14. Bxb5+ Bd7 15.
Bxb6 axb6 16. Bxd7+ Qxd7 17. Ne2 d5 18. Nc3 dxe4 19. Qxd7+ Kxd7 20. fxe4 f5 21.
gxf6 Bxf6 22. O-O-O+ Kc6 23. Nd5 Bd8 24. Nb4+ Kc7 25. Rh3 Rh7 26. Kb1 Rf7 27.
a3 Kb7 28. Rd6 Be7 29. Rd7+ Kc8 30. Rhd3 Rf1+ 31. Ka2 Bxb4 32. Rd8+ Kb7 33.
Rxa8 Kxa8 34. axb4 Rf4 35. Rd6 Kb7 36. Rxg6 Rxh4 37. Rg5 Rxe4 38. Rxh5 Rxb4 39.
Rxe5 Kc6 40. c3 Rh4 41. Kb3 Rg4 42. c4 Rg2 43. Kc3 Rh2 44. Rg5 Rh3+ 45. Kb4 Rh6
46. Ka4 Rh8 47. b3 Rf8 48. Rg6+ Kc5 49. Rg5+ Kc6 50. Kb4 Rf1 51. Rg6+ Kb7 52.
Ka4 Ra1+ 53. Kb4 Rh1 54. Rg5 Kc6 55. Rg6+ Kb7 56. Ka3 Rh3 57. Ka4 Rh4 58. Rd6
Kc7 59. Rg6 1/2-1/2

[Event "12. Torneo de Promoción Almansa 2017"]
[Site "Almansa ESP"]
[Date "2017.08.02"]
[Round "2.1"]
[White "Pastor Alonso De Prado, Albert"]
[Black "Nicolas Zapata, Irene"]
[Result "1-0"]
[WhiteElo "2176"]
[BlackElo "2287"]
[PlyCount "47"]
[EventDate "2017.08.01"]
[EventType "swiss"]
[EventRounds "9"]
[EventCountry "ESP"]
[SourceTitle "Ajedrez en Madrid"]
[Source "lmi"]
[SourceDate "2017.08.01"]
[SourceVersion "1"]
[SourceVersionDate "2017.08.11"]
[SourceQuality "1"]

1. e4 c6 2. d4 g6 3. Nf3 Bg7 4. Nc3 d5 5. h3 dxe4 6. Nxe4 Nd7 7. Bc4 Ngf6 8.
Nxf6+ Nxf6 9. O-O O-O 10. Re1 Bf5 11. c3 Be4 12. Bf4 Rc8 13. Qe2 Bd5 14. Bd3
Re8 15. Ne5 Nh5 16. Bd2 f6 17. Nxg6 Bf7 18. Qxh5 e5 19. Ne7+ Rxe7 20. Qxh7+ Kf8
21. Bh6 Bg8 22. Qg6 Qc7 23. Qxf6+ Ke8 24. Bg6+ 1-0

[Event "12. Torneo de Promoción Almansa 2017"]
[Site "Almansa ESP"]
[Date "2017.08.02"]
[Round "2.2"]
[White "Prieto Aranguren, Alain"]
[Black "Sanchez Jerez, Emilio Miguel"]
[Result "1-0"]
[WhiteElo "2286"]
[BlackElo "2146"]
[PlyCount "109"]
[EventDate "2017.08.01"]
[EventType "swiss"]
[EventRounds "9"]
[EventCountry "ESP"]
[SourceTitle "Ajedrez en Madrid"]
[Source "lmi"]
[SourceDate "2017.08.01"]
[SourceVersion "1"]
[SourceVersionDate "2017.08.11"]
[SourceQuality "1"]

1. d4 d5 2. c4 e6 3. Nc3 c6 4. cxd5 exd5 5. Nf3 Bd6 6. Qc2 Ne7 7. Bg5 f6 8. Bh4
Bf5 9. Qb3 Qb6 10. e3 Na6 11. Qxb6 axb6 12. Be2 b5 13. Bg3 Kd7 14. Bxd6 Kxd6
15. a3 b4 16. axb4 Nxb4 17. Kd2 g5 18. g4 Be4 19. Rxa8 Rxa8 20. h4 h6 21. hxg5
hxg5 22. Rh6 Bg6 23. Ne1 Ke6 24. f4 gxf4 25. exf4 Kf7 26. f5 Kg7 27. Rxg6+ Nxg6
28. fxg6 Kxg6 29. Nd3 Nxd3 30. Bxd3+ Kg5 31. Bf5 b6 32. b3 Ra1 33. Na4 b5 34.
Nc5 b4 35. Nd3 Ra2+ 36. Kc1 Ra6 37. Kb2 Rb6 38. Kc2 Rb8 39. Bd7 Rd8 40. Nc5 Kh4
41. Kd3 Kg3 42. Ke3 Rf8 43. Bxc6 Kxg4 44. Bxd5 Re8+ 45. Be6+ f5 46. d5 Kg3 47.
Nd3 Rd8 48. Kd4 f4 49. Ke5 f3 50. d6 f2 51. Nxf2 Kxf2 52. d7 Ke3 53. Kd6 Rh8
54. Ke7 Rh7+ 55. Bf7 1-0

[Event "12. Torneo de Promoción Almansa 2017"]
[Site "Almansa ESP"]
[Date "2017.08.02"]
[Round "2.3"]
[White "Nicolas Zapata, Javier"]
[Black "Navarro Lopez-Menchero, Daniel"]
[Result "1-0"]
[WhiteElo "2138"]
[BlackElo "2266"]
[PlyCount "65"]
[EventDate "2017.08.01"]
[EventType "swiss"]
[EventRounds "9"]
[EventCountry "ESP"]
[SourceTitle "Ajedrez en Madrid"]
[Source "lmi"]
[SourceDate "2017.08.01"]
[SourceVersion "1"]
[SourceVersionDate "2017.08.11"]
[SourceQuality "1"]

1. d4 Nf6 2. Nc3 d5 3. Bf4 Bf5 4. f3 h6 5. g4 Bg6 6. e3 c6 7. Bd3 Bxd3 8. Qxd3
Nbd7 9. O-O-O e6 10. e4 Nb6 11. Kb1 a6 12. Nge2 Be7 13. h4 dxe4 14. fxe4 Nxg4
15. Qg3 e5 16. dxe5 Qc8 17. e6 h5 18. exf7+ Kxf7 19. Rhf1 Kg8 20. Nd4 Nc4 21.
Nf5 Bf6 22. Bg5 Qb8 23. Qg1 Bxc3 24. bxc3 Qe5 25. Nd4 Qxe4 26. Qg3 c5 27. Rde1
Qg6 28. Re6 Qh7 29. Nf5 g6 30. Ne7+ Kg7 31. Rxg6+ Qxg6 32. Nxg6 Kxg6 33. Qd3+
1-0

[Event "12. Torneo de Promoción Almansa 2017"]
[Site "Almansa ESP"]
[Date "2017.08.02"]
[Round "2.4"]
[White "Castellanos Gomez, Alejandro"]
[Black "Romero Berruezo, Francisco"]
[Result "1-0"]
[WhiteElo "2238"]
[BlackElo "2132"]
[PlyCount "117"]
[EventDate "2017.08.01"]
[EventType "swiss"]
[EventRounds "9"]
[EventCountry "ESP"]
[SourceTitle "Ajedrez en Madrid"]
[Source "lmi"]
[SourceDate "2017.08.01"]
[SourceVersion "1"]
[SourceVersionDate "2017.08.11"]
[SourceQuality "1"]

1. d4 Nf6 2. Bf4 b5 3. e3 Bb7 4. Nf3 a6 5. h3 e6 6. Nbd2 Bd6 7. Bxd6 cxd6 8. c3
O-O 9. a4 b4 10. cxb4 Nc6 11. b5 Nb4 12. bxa6 Bxf3 13. gxf3 Nfd5 14. Bc4 Qh4
15. Kf1 Nb6 16. Qb3 Nxc4 17. Nxc4 Nxa6 18. Nxd6 Rfb8 19. Nb5 Nc7 20. Ke2 h5 21.
Qd3 Nd5 22. Rhc1 Qe7 23. Rc5 d6 24. Rcc1 Qd7 25. Kf1 g6 26. Kg2 Kg7 27. Qd2
Rxa4 28. Rxa4 Qxb5 29. Ra3 Qxb2 30. Qxb2 Rxb2 31. Rc6 Nb6 32. f4 d5 33. Ra7 Nc4
34. Rxe6 Kf8 35. Ree7 Nd6 36. Red7 Rb6 37. Ra2 Kg7 38. Rc7 Ne4 39. Rac2 h4 40.
Rd7 Nf6 41. Ra7 Ne4 42. Rcc7 Rf6 43. Rd7 g5 44. f3 Nd2 45. Rxd5 gxf4 46. exf4
Rxf4 47. Ra3 Nc4 48. Rc3 Nb6 49. Rg5+ Kf8 50. Rg4 Rf6 51. Rxh4 Nd5 52. Rc8+ Ke7
53. Re4+ Kd7 54. Rg8 Nf4+ 55. Kg3 Nd5 56. Rg5 Ne7 57. Rf4 Rd6 58. Rxf7 Ke6 59.
Rf4 1-0

[Event "12. Torneo de Promoción Almansa 2017"]
[Site "Almansa ESP"]
[Date "2017.08.02"]
[Round "2.5"]
[White "Jordan Martinez, David"]
[Black "Silva Rodriguez, Fernando"]
[Result "0-1"]
[WhiteElo "2095"]
[BlackElo "2235"]
[PlyCount "98"]
[EventDate "2017.08.01"]
[EventType "swiss"]
[EventRounds "9"]
[EventCountry "ESP"]
[SourceTitle "Ajedrez en Madrid"]
[Source "lmi"]
[SourceDate "2017.08.01"]
[SourceVersion "1"]
[SourceVersionDate "2017.08.11"]
[SourceQuality "1"]

1. e4 e5 2. Nf3 Nc6 3. Bc4 Bc5 4. c3 Nf6 5. d3 O-O 6. Bg5 h6 7. Bh4 Be7 8. Nbd2
d6 9. O-O Na5 10. Bb5 a6 11. Ba4 c5 12. Re1 b5 13. Bc2 Nd7 14. Bg3 Bf6 15. Nf1
Nb6 16. Ne3 Nc6 17. Bb3 Be6 18. Bxe6 fxe6 19. Nc2 Qc7 20. Qe2 Rfe8 21. Rad1 Qe7
22. d4 exd4 23. cxd4 e5 24. dxc5 dxc5 25. Ne3 Nd4 26. Nxd4 cxd4 27. Nf5 Qe6 28.
Rc1 Rac8 29. b3 Kh7 30. Rxc8 Rxc8 31. f4 Rd8 32. Qd2 Nd7 33. h3 Nf8 34. fxe5
Bxe5 35. Bxe5 Qxe5 36. a4 Ne6 37. axb5 axb5 38. Ne7 Rd7 39. Nd5 Nc5 40. Nb6 Rd6
41. Nc8 Rg6 42. b4 Ne6 43. Ne7 Rg5 44. Nd5 Qg3 45. Kh1 Rh5 46. Rf1 Re5 47. Re1
Qg6 48. Nf4 Qg5 49. g3 Qxg3 0-1

[Event "12. Torneo de Promoción Almansa 2017"]
[Site "Almansa ESP"]
[Date "2017.08.02"]
[Round "2.6"]
[White "Arias Igual, Alejandro"]
[Black "Jimenez De La Torre, Jose A"]
[Result "1-0"]
[WhiteElo "2232"]
[BlackElo "2063"]
[PlyCount "141"]
[EventDate "2017.08.01"]
[EventType "swiss"]
[EventRounds "9"]
[EventCountry "ESP"]
[SourceTitle "Ajedrez en Madrid"]
[Source "lmi"]
[SourceDate "2017.08.01"]
[SourceVersion "1"]
[SourceVersionDate "2017.08.11"]
[SourceQuality "1"]

1. Nf3 Nf6 2. g3 d5 3. Bg2 c5 4. O-O Nc6 5. c4 d4 6. d3 e5 7. e3 Be7 8. exd4
exd4 9. Bg5 O-O 10. Nbd2 h6 11. Bxf6 Bxf6 12. a3 Bf5 13. Ne1 Qd7 14. Rb1 a5 15.
Ne4 Be7 16. Nc2 Bh3 17. Re1 Bxg2 18. Kxg2 f5 19. Nd2 f4 20. f3 Rae8 21. Re4
fxg3 22. hxg3 Bd6 23. Qe2 Ne7 24. Re1 Rf7 25. Re6 Ref8 26. Qe4 Nf5 27. Nf1 Qc7
28. f4 Nxg3 29. Nxg3 Bxf4 30. Nh1 Rf5 31. Re8 Rg5+ 32. Kf3 Be5+ 33. Rxf8+ Kxf8
34. Ke2 Bf6 35. Kd1 Re5 36. Qf3 Rxe1+ 37. Nxe1 Qb6 38. Kc2 a4 39. Ng3 Kg8 40.
Ne4 Be7 41. Ng2 Qb3+ 42. Kb1 g5 43. Ne1 Qb6 44. Qh5 Qe6 45. Ka2 Bf8 46. Kb1 b5
47. cxb5 c4 48. Qd1 Bg7 49. Qxa4 cxd3 50. Qa8+ Kh7 51. Nxd3 Qf5 52. Nef2 Qxb5
53. Qe4+ Kg8 54. Qg6 Kf8 55. Kc2 Qa4+ 56. Kd2 Qa5+ 57. Ke2 Qc7 58. Qe6 Qc2+ 59.
Kf3 Qd2 60. Kg4 Qe3 61. Qxe3 dxe3 62. Ne4 Bd4 63. Kf3 Ke7 64. Ng3 Ke6 65. Nf1
h5 66. Nxe3 g4+ 67. Ke4 Bxe3 68. Kxe3 h4 69. Kf4 g3 70. Kg4 Kd6 71. Ne1 1-0

[Event "12. Torneo de Promoción Almansa 2017"]
[Site "Almansa ESP"]
[Date "2017.08.02"]
[Round "2.7"]
[White "Fernandez Cano, Victor"]
[Black "Villasenor Rubio, Emilio Jose"]
[Result "0-1"]
[WhiteElo "2080"]
[BlackElo "2231"]
[PlyCount "78"]
[EventDate "2017.08.01"]
[EventType "swiss"]
[EventRounds "9"]
[EventCountry "ESP"]
[SourceTitle "Ajedrez en Madrid"]
[Source "lmi"]
[SourceDate "2017.08.01"]
[SourceVersion "1"]
[SourceVersionDate "2017.08.11"]
[SourceQuality "1"]

1. Nf3 Nf6 2. g3 g6 3. Bg2 Bg7 4. O-O O-O 5. d3 d6 6. Nbd2 Nbd7 7. c3 c6 8. Qc2
Qc7 9. Re1 b5 10. a4 Bb7 11. e4 a6 12. Nf1 c5 13. h3 Rfc8 14. N3d2 Bc6 15. axb5
axb5 16. Rxa8 Rxa8 17. Ne3 Qb7 18. Qb1 b4 19. c4 Nf8 20. Nd5 Ne6 21. Nf3 Re8
22. Be3 Nd7 23. Kh2 Ne5 24. Nd2 Bd7 25. f4 Nc6 26. Rf1 Ned4 27. Bf2 e6 28. Ne3
Qa6 29. Re1 Ra8 30. Ng4 h5 31. Ne3 Qa2 32. Qc1 Nb3 33. Nxb3 Qxb3 34. Nd1 Ra2
35. Re2 Nd4 36. Rd2 Qa4 37. Bxd4 Bxd4 38. Bf3 Ra1 39. Qc2 b3 0-1

[Event "12. Torneo de Promoción Almansa 2017"]
[Site "Almansa ESP"]
[Date "2017.08.02"]
[Round "2.10"]
[White "Gonzalez Laso, Adrian"]
[Black "Galindo Montoya, Diego"]
[Result "1-0"]
[WhiteElo "2210"]
[BlackElo "1860"]
[PlyCount "83"]
[EventDate "2017.08.01"]
[EventType "swiss"]
[EventRounds "9"]
[EventCountry "ESP"]
[SourceTitle "Ajedrez en Madrid"]
[Source "lmi"]
[SourceDate "2017.08.01"]
[SourceVersion "1"]
[SourceVersionDate "2017.08.11"]
[SourceQuality "1"]

1. e4 e5 2. Nf3 Nc6 3. d4 exd4 4. Bc4 Nf6 5. O-O Nxe4 6. Re1 d5 7. Bxd5 Qxd5 8.
Nc3 Qd7 9. Rxe4+ Be7 10. Nxd4 Nxd4 11. Rxd4 Qc6 12. Nd5 Bd6 13. Qe2+ Be6 14.
Bf4 O-O-O 15. Bxd6 Qxd6 16. c4 Bxd5 17. Rxd5 Rhe8 18. Qg4+ Qe6 19. Rxd8+ Rxd8
20. Qxg7 Qxc4 21. h3 Qd4 22. Qxf7 Qxb2 23. Re1 Qd2 24. Re7 Qd1+ 25. Kh2 Qd6+
26. f4 h6 27. Qf5+ Kb8 28. Re6 Qa3 29. Qd5 Rg8 30. Rg6 Rf8 31. Rxh6 a6 32. Rh4
Qa4 33. Qe5 Qxa2 34. Rh8 Qf7 35. Rxf8+ Qxf8 36. f5 Kc8 37. h4 b5 38. h5 b4 39.
Qe6+ Kd8 40. h6 b3 41. h7 b2 42. Qg8 1-0

[Event "12. Torneo de Promoción Almansa 2017"]
[Site "Almansa ESP"]
[Date "2017.08.02"]
[Round "2.12"]
[White "Gimenez Menchon, Cesar"]
[Black "Donadio Falcon, Pablo"]
[Result "1-0"]
[WhiteElo "2167"]
[BlackElo "1885"]
[PlyCount "43"]
[EventDate "2017.08.01"]
[EventType "swiss"]
[EventRounds "9"]
[EventCountry "ESP"]
[SourceTitle "Ajedrez en Madrid"]
[Source "lmi"]
[SourceDate "2017.08.01"]
[SourceVersion "1"]
[SourceVersionDate "2017.08.11"]
[SourceQuality "1"]

1. e4 c5 2. c3 d5 3. exd5 Qxd5 4. d4 cxd4 5. cxd4 e6 6. Nf3 Nf6 7. Nc3 Qd8 8.
Bd3 Be7 9. O-O O-O 10. Bb1 Nc6 11. a3 b6 12. Qd3 g6 13. Bh6 Re8 14. Ba2 Ng4 15.
Bf4 Bd6 16. Qd2 a6 17. Rad1 Ne7 18. Ne4 Nf5 19. h3 Bxf4 20. Qxf4 Nf6 21. Nxf6+
Qxf6 22. g4 1-0